| 000 | 00795cam a2200253 4500 | ||
|---|---|---|---|
| 001 | 1795922 | ||
| 003 | OSt | ||
| 005 | 20180116183022.0 | ||
| 008 | 701210s1970 nyu b 000 0beng | ||
| 010 | _a 78122879 | ||
| 040 |
_aDLC _cDLC _dDLC _dOCoLC |
||
| 050 | 0 | 0 |
_aCT275.O552 _bS66 |
| 082 | 0 | 0 | _a813.54 |
| 100 | 1 |
_aSparks, Fred, _d1915- |
|
| 245 | 1 | 4 |
_aThe $20,000,000 honeymoon. _bJackie and Ari's first year. |
| 260 |
_a[New York] _bB. Geis Associates; distributed by World Pub. Co. _c[1970] |
||
| 300 |
_axii, 240 p. _c22 cm. |
||
| 350 | _a$5.95 | ||
| 504 | _aBibliography: p. 239-240. | ||
| 600 | 1 | 0 |
_aOnassis, Jacqueline Kennedy, _d1929-1994. |
| 600 | 1 | 0 |
_aOnassis, Aristotle Socrates, _d1906-1975. |
| 906 |
_a7 _bcbc _corignew _d2 _encip _f19 _gy-gencatlg |
||
| 942 |
_2ddc _cBK _k813.54 |
||
| 999 |
_c350613 _d350613 |
||